00707nam a2200193Ia 4500008004100000020001800041041000800059082001600067100002800083245003000111250001200141260001600153300002300169365001600192700005200208906005100260999001900311952018300330230718s9999 xx 000 0 und d a9788126520510 aeng a005.43bSIL aSilberschatz A.9108891 aOperating System Concepts a8th ed. bWiley India dRef 1535 C (47300) cRs.b599.00 aSilberschatz A.; Galvin P.B. & Gagne G.9185699 dO:0409121-Aug-2014B:45509-Jul-2014cCOMPb2995 c337927d337927 00104070aCCEPbCCEPd2014-08-21ePradeep Book DistributorsfCOMPg449.25i455l14o005.43pCCEP-BK-49134r2026-03-17 16:52:35s2026-03-17t2995v599.00w2014-07-09yBKz049134